Vztah mezi obchodním zákoníkem a občanským zákoníkem. Druhá bible podnikatele.

Úzka väzba a vzájomná závislosť medzi obchodným právom a občianskym právom. Novela občianskeho zákonníka, platná od 1.1.1992, ako základná a všeobecná úprava majetkových vzťahov fyzických a právnických osôb. Všeobecný a zvláštny zákon a prednosť obchodného zákonníka.

Salvato in:
Dettagli Bibliografici
Autore principale: Nesnídal, Jiří
Natura: Capitolo di libro
Lingua:ceco
Soggetti:
Tags: Aggiungi Tag
Nessun Tag, puoi essere il primo ad aggiungerne!!

MARC

LEADER 00000naa a2200000 4500
001 r012682
005 20220826093602.2
041 0 |a cze 
044 |a CZ 
245 1 0 |a Vztah mezi obchodním zákoníkem a občanským zákoníkem.  |b Druhá bible podnikatele.  |c Jiří Nesnídal 
520 |a Úzka väzba a vzájomná závislosť medzi obchodným právom a občianskym právom. Novela občianskeho zákonníka, platná od 1.1.1992, ako základná a všeobecná úprava majetkových vzťahov fyzických a právnických osôb. Všeobecný a zvláštny zákon a prednosť obchodného zákonníka. 
610 2 0 |a zákonník obchodný 
610 2 0 |a zákonník občiansky 
610 2 0 |a právo obchodné 
610 2 0 |a právo občianske 
610 2 0 |a Čechy 
610 2 0 |a 1992 
100 1 |a Nesnídal, Jiří